Wiedza ogólna - geografia #1 - Statystyki

Ogólne statystyki
  • Ten quiz został rozwiązany 105 razy
    52 od ostatniego zresetowania
  • Średni wynik to 3 z 5
Statystyki odpowiedzi
Opis Odpowiedź % Poprawnych
Przechodzi przez "środek" Ziemii Równik
92%
Jedyny kontynent lężący tylko na dwóch półkulach Australia
67%
Państwo nie posiadające dostęp do morza Bałtyckiego, leżący na Półwyspie Skandynawskim Norwegia
51%
Pionowy spadek wody rzecznej,najwyższe znajdują się w Afryce wodospad
46%
Są fałdowe, zrębowe lub wulkaniczne góry
41%
Nie znaleziono quizów pasujących do podanych kryteriów
Rozkład punktacji
Procent ludzi z każdym wynikiem
Percentyl według liczby udzielonych odpowiedzi
Twoja historia wyników
Nie rozwiązałeś tego quizu od ostatniego zresetowania